The aboveground steel storage tank handbook / (Record no. 548501)

000 -LEADER
fixed length control field 00531cam a2200157 a 4500
020 ## - INTERNATIONAL STANDARD BOOK NUMBER
International Standard Book Number 0442018452 (hardcover)
082 00 - DEWEY DECIMAL CLASSIFICATION NUMBER
Classification number 665.542
Author Mark DIG
-- D
100 1# - MAIN ENTRY--PERSONAL NAME
Personal name DiGrado, Brian D.
9 (RLIN) 44834
245 14 - TITLE STATEMENT
Title The aboveground steel storage tank handbook /
Statement of responsibility, etc. Brian D. DiGrado and Gregory A. Thorp.
260 ## - PUBLICATION, DISTRIBUTION, ETC.
Place of publication, distribution, etc. New York :
Name of publisher, distributor, etc. Van Nostrand Reinhold,
Date of publication, distribution, etc. c1995.
300 ## - PHYSICAL DESCRIPTION
Extent xv, 350 p. :
Other physical details ill. ;
Dimensions 25 cm.
526 ## - STUDY PROGRAM INFORMATION NOTE
Program name 0
Interest level 0
Reading level 0
Title point value 665_542000000000000_DIG
650 #0 - SUBJECT ADDED ENTRY--TOPICAL TERM
Topical term or geographic name entry element Oil storage tanks.
9 (RLIN) 44835
700 1# - ADDED ENTRY--PERSONAL NAME
Personal name Thorp, Gregory A.
9 (RLIN) 44836
942 ## - ADDED ENTRY ELEMENTS (KOHA)
Source of classification or shelving scheme
Koha item type Book
Holdings
Withdrawn status Lost status Source of classification or shelving scheme Damaged status Not for loan Permanent Location Current Location Date acquired Total Checkouts Full call number Barcode Date last seen Price effective from Koha item type
          Military College of Engineering (MCE) Military College of Engineering (MCE) 08/28/2014   665.542 DIG MCE-43606 08/28/2014 08/28/2014 Book
© 2023 Central Library, National University of Sciences and Technology. All Rights Reserved.